Statistics for US states in 2 minutes - list alphabetically

Click here to take the quiz!

General Stats

  • This quiz has been taken 799 times
  • The average score is 29 of 50

Answer Stats

% Correct
Alabama
100%
Alaska
96%
Arizona
90%
Arkansas
89%
California
85%
Delaware
83%
Colorado
81%
Connecticut
80%
Florida
80%
Georgia
80%
Hawaii
78%
Indiana
77%
Illinois
77%
Idaho
77%
Iowa
75%
Kansas
75%
Kentucky
75%
Louisiana
73%
Maine
72%
Maryland
69%
Massachusetts
62%
Michigan
60%
Minnesota
56%
Mississippi
55%
Missouri
55%
Montana
52%
Nebraska
52%
Nevada
50%
New Hampshire
47%
New Jersey
47%
New Mexico
47%
New York
47%
North Carolina
41%
North Dakota
41%
Ohio
39%
Oklahoma
37%
Oregon
37%
Wyoming
34%
Pennsylvania
34%
Tennessee
33%
Vermont
33%
Washington
33%
Rhode Island
33%
South Carolina
32%
Virginia
32%
West Virginia
32%
South Dakota
31%
Texas
31%
Utah
31%
Wisconsin
30%

Score Distribution

Percentile by Number Answered

Percent of People with Each Score

Your Score History

You have not taken this quiz